000
00247nam a2200121Ia 4500
100
_a
Chaturvedi/R.C
942
_c
BK
654
_a
rolling
245
_a
Rolling of Metals
260
_b
Yantruik
_a
Bombay
_c
1981
300
_a
386
546
_a
ENGLISH
999
_c
33458
_d
33458